Aprendizaje industrial en la frontera norte de México : la articulación entre el sistema educativo y el sistema productivo maquilador /

Guardado en:
Detalles Bibliográficos
Autor principal: Hualde Alfaro, Alfredo (autor)
Formato: Libro
Idioma:Español
Publicado: México : Secretaría del Trabajo y Previsión Social, 1999, c1999
Colección:(Cuadernos del Trabajo ; 16)
Temas:
Etiquetas: Agrega una etiqueta
Sin etiquetas, Sé el primero en etiquetar este registro!

MARC

LEADER 00000nam^a2200000^a^4500
001 000111766
005 20250521000000.0
009 20260310093844.565
020 |a 968-813-541-0 
037 |a Acervo ITESO - Biblioteca 
041 |a ESP 
082 |a 370. 11709721  |b HUA 
100 |a Hualde Alfaro, Alfredo  |e (autor) 
245 1 0 |a Aprendizaje industrial en la frontera norte de México :  |b la articulación entre el sistema educativo y el sistema productivo maquilador /  |c A. Hualde Alfaro. 
264 4 |a México :  |b Secretaría del Trabajo y Previsión Social,  |c 1999, c1999 
300 |a 215 p. 
336 |a texto  |b txt  |2 rdacontenido 
337 |a sin mediación  |b n  |2 rdamedio 
338 |a volumen  |b nc  |2 rdasoporte 
440 1 |a (Cuadernos del Trabajo ;  |v 16) 
649 |a XX 
650 |a México (Frontera Norte) 
650 |a Maquiladoras -  |z México 
650 |a Sector Productivo y Educación -  |z México 
650 |a Educación y Trabajo -  |z México 
650 |a Educación y Sociedad -  |z México 
650 |a Sociología de la Educación 
910 |a Fondo General 
920 |a Impresos - Libros 
930 |a Colección General 
905 |a 101 
901 |a 0500046805  |b IT1  |c ACC  |u 20250521 
902 |a https://opac.biblio.iteso.mx/vufind/Record/000111766